00585nam a2200121Ia 4500008004100000020001800041100003600059245010600095260002700201650017100228650001200399856005200411171212s9999 xx 000 0 und d a9780833079930 aGordon IV, John;Matsumura, John cGordon IV, John;Matsumura, JohnaThe Army's Role in Overcoming Anti-Access and Area Denial Challenges bRAND Corporationc2013 aDeployment (Strategy); United States. Army; Military doctrine -- United States; Operational art (Military science); World politics -- 21st century; Asymmetric warfare aHistory uhttp://www.jstor.org/stable/10.7249/j.ctt5hhw9j